书目信息 |
| 题名: |
公路旧桥承载能力评定方法及工程实例
|
|
| 作者: | 张劲泉 , 李万恒 , 任红伟 编著 | |
| 分册: | ||
| 出版信息: | 北京 人民交通出版社 2007.07 |
|
| 页数: | 196页 | |
| 开本: | 26cm | |
| 丛书名: | 公路旧桥检测评定与加固技术丛书 | |
| 单 册: | ||
| 中图分类: | U448.14 | |
| 科图分类: | ||
| 主题词: | 公路桥--gong lu qiao--承载力--评价 | |
| 电子资源: | ||
| ISBN: | 978-7-114-06497-5 | |
| 000 | 01218nam 2200301 450 | |
| 001 | 012007465394 | |
| 005 | 20071109091924.60 | |
| 010 | @a978-7-114-06497-5@dCNY30.00 | |
| 100 | @a20071109d2007 km y0chiy0120 ea | |
| 101 | 0 | @achi |
| 102 | @aCN@b110000 | |
| 105 | @aa a 000yy | |
| 106 | @ar | |
| 200 | 1 | @a公路旧桥承载能力评定方法及工程实例@Agong lu jiu qiao cheng zai neng li ping ding fang fa ji gong cheng shi li@f张劲泉 ... [等] 编著@Fzhang jin quan...[deng]bian zhu |
| 210 | @a北京@c人民交通出版社@d2007.07 | |
| 215 | @a196页@c图@d26cm | |
| 225 | 2 | @a公路旧桥检测评定与加固技术丛书@Agong lu jiu qiao jian ce ping ding yu jia gu ji shu cong shu |
| 304 | @a题名页题 : 张劲泉, 李万恒, 任红伟, 程寿山等编著 | |
| 320 | @a有书目 (第194-196页)。 | |
| 330 | @a本书共分两篇,第一篇介绍公路旧桥承载力评定方法的研制方法、体系框架、思路及最新成果;第二篇分桥型列举了典型桥梁应用实例。 | |
| 410 | 0 | @12001 @a公路旧桥检测评定与加固技术丛书 |
| 606 | 0 | @a公路桥@Agong lu qiao@x承载力@x评价 |
| 690 | @aU448.14@v4 | |
| 701 | 0 | @a张劲泉@Azhang jin quan@4编著 |
| 701 | 0 | @a李万恒@Ali wan heng@4编著 |
| 701 | 0 | @a任红伟@Aren hong wei@4编著 |
| 801 | 0 | @aCN@b@c20071109 |
| 905 | @b267613-15@dU448.14@eZ125@f3 | |
| 公路旧桥承载能力评定方法及工程实例/张劲泉 ... [等] 编著.-北京:人民交通出版社,2007.07 |
| 196页:图;26cm.-(公路旧桥检测评定与加固技术丛书) |
| ISBN 978-7-114-06497-5:CNY30.00 |
| 本书共分两篇,第一篇介绍公路旧桥承载力评定方法的研制方法、体系框架、思路及最新成果;第二篇分桥型列举了典型桥梁应用实例。 |
| ● |
| 相关链接 |
|
|
|
正题名:公路旧桥承载能力评定方法及工程实例
索取号:U448.14/Z125
 
预约/预借
| 序号 | 登录号 | 条形码 | 馆藏地/架位号 | 状态 | 备注 |
| 1 | 267613 | 202676130 | 自科库501/501自科库 54排5列4层/ [索取号:U448.14/Z125] | 在馆 | |
| 2 | 267614 | 202676149 | 期刊室512/501自科库 54排5列4层/ [索取号:U448.14/Z125] | 在馆 | |
| 3 | 267615 | 202676158 | 自科库501/501自科库 54排5列4层/ [索取号:U448.14/Z125] | 在馆 |